Flags of European capital cities - Statistics

General Stats
  • This quiz has been taken 16 times
  • The average score is 20 of 43
Answer Stats
Picture Answer % Correct
San Marino
100%
Ankara
87%
Berlin
80%
Bucharest
80%
Dublin
80%
Oslo
80%
Amsterdam
73%
Madrid
73%
Rome
73%
Lisbon
67%
Bern
60%
Budapest
60%
Moscow
60%
Paris
60%
Chișinău
53%
Kyiv
53%
Stockholm
53%
Vilnius
53%
Sofia
47%
Warsaw
47%
Zagreb
47%
Belgrade
40%
Minsk
40%
Brussels
33%
Luxembourg
33%
Prague
33%
Skopje
33%
Tallinn
33%
Vienna
33%
Andorra la Vella
27%
Bratislava
27%
Nicosia
27%
Pristina
27%
Riga
27%
Sarajevo
27%
Tbilisi
27%
Yerevan
27%
Vaduz
20%
Ljubljana
13%
Podgorica
13%
Reykjavík
13%
Tirana
13%
Valletta
7%
No matching quizzes found
Score Distribution
Percent of People with Each Score
Percentile by Number Answered
Your Score History
You have not taken this quiz